000 00667nam a2200253Ia 4500
005 20260121161302.0
008 008 260114s9999 xx 000 0 eng d
020 _a9781003363125
037 _aEBOOK
040 _aCRL
040 _beng
040 _cCRL
041 _2eng
041 _aeng
084 _qCRL
100 _aDavid Knights; Helena Liu; Owain Smolovi?-Jones; Suze Wilson
_91042502
245 4 _aThe Routledge Critical Companion to Leadership Studies:
260 _bTaylor and Francis
260 _c2024
856 _uhttp://www.taylorfrancis.com/books/9781003363125
942 _cEBOOK
999 _c1609318
_d1609318